ARRUPE JESUIT UNIVERSITY

CORONAVIRUS -STOP THE SPREAD - CLEAN,DISINFECT,COVER

Forming christian communities (Record no. 122758)

MARC details
000 -LEADER
fixed length control field 00533nam a22001457a 4500
008 - FIXED-LENGTH DATA ELEMENTS--GENERAL INFORMATION
fixed length control field 150422b xxu||||| |||| 00| 0 eng d
050 ## - LIBRARY OF CONGRESS CALL NUMBER
Classification number BX2340.7.P457
100 ## - MAIN ENTRY--PERSONAL NAME
Personal name Perrin-Jassy, Marie France.
9 (RLIN) 17502
245 ## - TITLE STATEMENT
Title Forming christian communities
Remainder of title an evaluation of experiments in north mara Tanzania
Statement of responsibility, etc /by Marie France Perrin - Jassy
260 ## - PUBLICATION, DISTRIBUTION, ETC. (IMPRINT)
Place of publication, distribution, etc Kampala
Name of publisher, distributor, etc Gaba publications
300 ## - PHYSICAL DESCRIPTION
Extent 76p. ;
Dimensions 25cm.
440 ## - SERIES STATEMENT/ADDED ENTRY--TITLE
Title Spearhead
Number of part/section of a work no.12
9 (RLIN) 17503
650 ## - SUBJECT ADDED ENTRY--TOPICAL TERM
Topical term or geographic name as entry element Christian communities
General subdivision Catholic church
9 (RLIN) 1673
942 ## - ADDED ENTRY ELEMENTS (KOHA)
Source of classification or shelving scheme Library of Congress Classification
Item type Monograph ( Printed materials)
Holdings
Withdrawn status Lost status Source of classification or shelving scheme Damaged status Not for loan Collection code Home library Current library Shelving location Date acquired Total Checkouts Full call number Barcode Date last seen Price effective from Koha item type
    Library of Congress Classification     Main Collection ARRUPE LIBRARY ARRUPE LIBRARY Main Collection 22/04/2015   BX2340.7.P457 46500004489 22/11/2017 22/04/2015 Monograph ( Printed materials)

 

Arrupe Library. PO Box MP320 Mt Pleasant, Harare, Zimbabwe
263 242 745411|librarian@aju.ac.zw